Canto para un equinoccio: antología poética 1911-1948

Gardado en:
Detalles Bibliográficos
Main Authors: Perse, Saint-John (Author), Saint-Leger Leger, Alexis (Author)
Formato: Libro
Idioma:Lingua castelá
Publicado: Caracas Monte Avila 1991
Series:Colección Altazor
Subjects:
Tags: Engadir etiqueta
Sen Etiquetas, Sexa o primeiro en etiquetar este rexistro!

MARC

LEADER 00000nam a2200000 a 4500
001 UCV9789
003 CL-VaPUC
008 930510e19910000VE |||||||||||||||||spa|d
082 0 4 |a 841  |b PER  |2 21 
100 0 |a Perse, Saint-John  |e author  |9 474019 
700 0 |a Saint-Leger Leger, Alexis  |e author  |9 474020 
245 1 0 |a Canto para un equinoccio: antología poética 1911-1948 
300 |a 164 p 
942 |c BK 
945 |d 19930510 00:00:00 
260 |a Caracas  |b Monte Avila  |c 1991 
650 0 |a Poesías francesas  |9 265467 
583 |a last modification  |c 20140120 04:50:35  |k Rodrigo Vera 
490 0 |a Colección Altazor 
999 |c 302676  |d 302674 
952 |0 0  |1 0  |4 0  |6 841_000000000000000_PER_1991  |7 0  |8 A  |9 363375  |a BIBARQ  |b BIBARQ  |d 2019-11-21  |i 2663724  |l 8  |m 6  |o 841 PER 1991  |p 2663724  |r 2025-01-20  |s 2023-03-31  |w 2019-11-21  |y BK  |k ARQ